Encyclopaedia of surveying, mapping and remote sensing (Record no. 378976)

000 -LEADER
fixed length control field 00396cam a22001337a 4500
008 - FIXED-LENGTH DATA ELEMENTS--GENERAL INFORMATION
fixed length control field 180718b1996 xxu||||| |||| 00| 0 eng d
020 ## - INTERNATIONAL STANDARD BOOK NUMBER
International Standard Book Number 8170333106
082 ## - DEWEY DECIMAL CLASSIFICATION NUMBER
Classification number YA3055 N231e (R)
100 ## - MAIN ENTRY--PERSONAL NAME
Personal name Narar, N.B.
245 ## - TITLE STATEMENT
Title Encyclopaedia of surveying, mapping and remote sensing
Statement of responsibility, etc. by N.B. Nayar
260 ## - PUBLICATION, DISTRIBUTION, ETC.
Place of publication, distribution, etc. Jaipur
Name of publisher, distributor, etc. Rawat
Date of publication, distribution, etc. 1996
300 ## - PHYSICAL DESCRIPTION
Extent 406p.
650 ## - SUBJECT ADDED ENTRY--TOPICAL TERM
Topical term or geographic name entry element Science and technology - Encyclopaedia
Holdings
Withdrawn status Lost status Damaged status Not for loan Permanent Location Current Location Date acquired Full call number Barcode Date last seen Price effective from Koha item type
        Indian Institute of Public Administration Indian Institute of Public Administration 1997-02-02 YA3055 N231e (R) 70527 2018-07-21 2018-07-21 Book

Powered by Koha